Lectura del Apocalipsis : (Registro nro. 49779)

Detalles MARC
000 -LEADER
campo de control de longitud fija 02561cam a22004934i 4500
003 - IDENTIFICADOR DE NÚMERO DE CONTROL
campo de control PE-LiUPU
005 - FECHA Y HORA DE LA ÚLTIMA TRANSACCIÓN
campo de control 20250731173342.0
008 - DATOS DE LONGITUD FIJA--INFORMACIÓN GENERAL
campo de control de longitud fija 150706s2005 sp rb 000 0 spa d
020 ## - NÚMERO INTERNACIONAL ESTÁNDAR DEL LIBRO
Número Internacional Estándar del Libro 8481696331
035 ## - NÚMERO DE CONTROL DEL SISTEMA
Número de control de sistema (Sirsi) i9788481696332
040 ## - FUENTE DE CATALOGACIÓN
Centro catalogador/agencia de origen PE-LiUPU
Lengua de catalogación spa
Centro/agencia transcriptor PE-LiUPU
Normas de descripción rda
049 ## - FONDOS LOCALES (OCLC)
Biblioteca depositaria PRUA
082 04 - NÚMERO DE LA CLASIFICACIÓN DECIMAL DEWEY
Número de clasificación 228
Cutter V268l
100 ## - ENTRADA PRINCIPAL--NOMBRE DE PERSONA
Nombre de persona Vanni, Ugo
Término indicativo de función/relación Autor
9 (RLIN) 308
245 10 - MENCIÓN DEL TÍTULO
Título Lectura del Apocalipsis :
Resto del título hermenéutica, exégesis, teología /
Mención de responsabilidad, etc. Ugo Vanni.
264 #1 - PRODUCCIÓN, PUBLICACIÓN, DISTRIBUCIÓN, FABRICACIÓN Y COPYRIGHT
Producción, publicación, distribución, fabricación y copyright Estella (Navarra) :
Nombre del de productor, editor, distribuidor, fabricante Verbo Divino,
Fecha de producción, publicación, distribución, fabricación o copyright 2005.
300 ## - DESCRIPCIÓN FÍSICA
Extensión 454 páginas ;
Dimensiones 24 cm
336 ## - TIPO DE CONTENIDO
Término de tipo de contenido text
Fuente rdacontent
337 ## - TIPO DE MEDIO
Nombre/término del tipo de medio unmediated
Fuente rdamedia
338 ## - TIPO DE SOPORTE
Nombre/término del tipo de soporte volume
Fuente rdacarrier
490 0# - MENCIÓN DE SERIE
Mención de serie Lectura del Apocalipsis
504 ## - NOTA DE BIBLIOGRAFÍA, ETC.
Nota de bibliografía, etc. Referencias bibliográficas al pie de algunas páginas.
505 0# - NOTA DE CONTENIDO CON FORMATO
Nota de contenido con formato Hermenéutica -- La aproximación literaria al Apocalipsis -- El simbolismo del Apocalipsis -- Del simbolismo a la vida: hermenéutica y reflexión sapiencial -- La asamblea eclesial, "sujeto interpretador" del Apocalipsis -- La asamblea litúrgica se purifica y discierne en el "día del Señor" -- Exégesis -- Ap 1,4-8: un ejemplo de diálogo litúrgico -- El contacto con Cristo resucitado: 1,9-16 -- La carta a La odisea: 3,14,22 -- Cristo cordero: Ap 5,6-8 -- El tercer sello del Apocalipsis (Ap 6,5-6), símbolo de la injusticia social -- Las primeras cuatro trompetas y la intervención del águila: 8,6-13 -- El "gran signo": Ap 12,1-8 -- Teología -- Reino "no de ese mundo", sino "reino del mundo". El reino de Cristo, del cuarto evangelio al Apocalipsis -- De la llegada de la "hora" a la venida de Cristo -- La dimensión histórico-cristológica de la escatología en el Apocalipsis -- De la maternidad de María a la maternidad de la iglesia: una hipótesis de evolución de Jn 2,3-4 y 19,26-27 a Ap 12,1-6 -- La promoción del reino como responsabilidad sacerdotal del cristiano: Ap 1,5; 5,10; 20,6 -- Jerusalén en el Apocalipsis.
526 ## - NOTA DE INFORMACIÓN SOBRE EL PROGRAMA DE ESTUDIO
Nombre del programa Segunda Especialidad En Profecías Bíblicas
526 ## - NOTA DE INFORMACIÓN SOBRE EL PROGRAMA DE ESTUDIO
Nombre del programa Segunda Especialidad En Nuevo Testamento
526 ## - NOTA DE INFORMACIÓN SOBRE EL PROGRAMA DE ESTUDIO
Nombre del programa Segunda Especialidad En Antiguo Testamento
526 ## - NOTA DE INFORMACIÓN SOBRE EL PROGRAMA DE ESTUDIO
Nombre del programa Segunda Especialidad En Estudios Adventistas
526 ## - NOTA DE INFORMACIÓN SOBRE EL PROGRAMA DE ESTUDIO
Nombre del programa Doctorado en teología
526 ## - NOTA DE INFORMACIÓN SOBRE EL PROGRAMA DE ESTUDIO
Nombre del programa Maestría en teología histórica
526 ## - NOTA DE INFORMACIÓN SOBRE EL PROGRAMA DE ESTUDIO
Nombre del programa Maestría en teología bíblica
526 ## - NOTA DE INFORMACIÓN SOBRE EL PROGRAMA DE ESTUDIO
Nombre del programa Maestría en teología
526 ## - NOTA DE INFORMACIÓN SOBRE EL PROGRAMA DE ESTUDIO
Nombre del programa Maestría en misionología
526 ## - NOTA DE INFORMACIÓN SOBRE EL PROGRAMA DE ESTUDIO
Nombre del programa Maestría en liderazgo eclesiástico
526 ## - NOTA DE INFORMACIÓN SOBRE EL PROGRAMA DE ESTUDIO
Nombre del programa Teología
630 ## - PUNTO DE ACCESO ADICIONAL DE MATERIA--TÍTULO UNIFORME
Título uniforme Biblia.
Nombre de parte o sección de la obra N.T.
-- Apocalipsis
Subdivisión general Comentarios.
650 #0 - PUNTO DE ACCESO ADICIONAL DE MATERIA--TÉRMINO DE MATERIA
9 (RLIN) 309
Término de materia o nombre geográfico como elemento de entrada Apocalipsis
Subdivisión de forma Teología
650 #0 - PUNTO DE ACCESO ADICIONAL DE MATERIA--TÉRMINO DE MATERIA
9 (RLIN) 310
Término de materia o nombre geográfico como elemento de entrada Hermenéutica
650 #0 - PUNTO DE ACCESO ADICIONAL DE MATERIA--TÉRMINO DE MATERIA
9 (RLIN) 311
Término de materia o nombre geográfico como elemento de entrada Exégesis
650 #0 - PUNTO DE ACCESO ADICIONAL DE MATERIA--TÉRMINO DE MATERIA
9 (RLIN) 312
Término de materia o nombre geográfico como elemento de entrada Teología
700 ## - ENTRADA AGREGADA--NOMBRE PERSONAL
9 (RLIN) 313
Nombre de persona Rey, Honorio
Término indicativo de función/relación Traducción
942 ## - ELEMENTOS DE ENTRADA SECUNDARIOS (KOHA)
Fuente del sistema de clasificación o colocación Clasificación Decimal Dewey
Tipo de ítem Koha Libros físicos
980 ## - EQUIVALENCIA O REFERENCIA-CRUZADA-MENCIÓN DE SERIE--NOMBRE DE PERSONA/TÍTULO [LOCAL, CANADÁ]
ID del último usuario que modificó el registro 1
Nombre del último usuario que modificó el registro ALBERTO SANCHEZ Responsable de Automatización
Existencias
Visto por última vez Número de inventario Total de préstamos Signatura topográfica completa Código de barras Fecha del último préstamo Copia número Coste, precio de reemplazo Fecha de reemplazo Facultad Tipo de ítem Koha Nota pública Estado de pérdida Fuente del sistema de clasificación o colocación Restricciones de uso No para préstamo Colección Programa académico Biblioteca de origen Biblioteca actual Ubicación en estantería Fecha de adquisición Fuente de adquisición Coste, precio normal de compra
2025-12-03 1 9 228 V268l 60318 2023-04-19 e1 45.00 2015-07-06   Libros físicos inventario-2023-12-13 No Perdido Clasificación Decimal Dewey No restringido Disponible para préstamos Colección General Maestría en teología bíblica Biblioteca CRAI UPeU Lima Biblioteca CRAI UPeU Lima Sala principal 2015-07-06 COMPRA 40.00